Balkan-Puzzle

Titel: Balkan-Puzzle : Balkan-Bilder, virtuelle Räume, Migration und hybride Identitäten bei Terézia Mora und Saša Stanišić
Verfasser:
In: Ethno-Kulturelle Begegnungen in Mittel- und Osteuropa, (2008), Seite 27-39
alle Artikel anzeigen
Veröffentlicht: 2008
Format: Aufsatz
Sprache: Deutsch
Kein Bild verfügbar
X
alg: 39251159
001A    $01999:11-11-16 
001B    $01999:17-05-21 $t20:33:26.000 
001D    $01999:11-11-16 
001U    $0utf8 
001X    $00 
002@    $0Aox 
003@    $0392511592 
007A    $0392511592 $aHEB 
007T    $0Herdc0061507m 
010@    $ager 
011@    $a2008 
021A    $aBalkan-Puzzle $dBalkan-Bilder, virtuelle Räume, Migration und hybride Identitäten bei Terézia Mora und Saša Stanišić 
028A    $aHammer $dErika 
031A    $h27-39 $j2008 
039B    $aIn $8--Aau--. Ethno-Kulturelle Begegnungen in Mittel- und Osteuropa. - Hamburg : Kovac, 2008. - 259 S.. - 28 schw.-w. Ill., 31 schw.-w. Tab.. - ISBN 978-3-8300-3434-6 $x200800000000000973 $9202917266 
045F    $a800 $eDDC23BSB 
045F/01 $a800 
045F/03 $g439 

lok: 39251159 78

exp: 39251159 78 1 #EPN
201B/01 $019-04-17 $t11:19:21.000 
201U/01 $0utf8 
203@/01 $0788609475 
208@/01 $a11-11-16 $be 
209A/01 $a/ $f000 $x00 
220C/01 $aTitelaufnehmer: kk 
220C/01 $aHerkunft: HI Marburg 
244Z/01 $2Trx $#Ungari $#Vengrija $#Ungārija $#Ungarn $#Hungary $#Węgry $#Maďarsko $#Maďarsko $#Uhorsko $#Uhersko;Uhry $8--Trx--Magyarország $x01 $9391197150 
244Z/01 $2Trx $8--Trx--Mora, Terézia$Z1971- $x02 $9391043463 
244Z/01 $2Trx $#kirjandus, Ungari $#literatūra, vengrų $#Literature, Hungarian $#irodalom, magyar $#literatura węgierska $#literatúra maďarská $#literatura maďarská $8--Trx--Literatur, ungarische $x03 $9391371614 
244Z/01 $2Trx $#identiteedid, rahvuslikud $#tautinė tapatybė $#national identity $#identitás, nemzeti $#świadomość narodowa $#totožnosť národná $#identita národní $#Nationalbewußtsein $#tożsamość narodowa $#uvedomenie národné $#uvědomění národní $8--Trx--Identität, nationale $x04 $9391365169 
244Z/01 $2Trx $#migratsioonid $#migracijos $#migrations $#migrációk $#migracje $#migrácie $#migrace $8--Trx--Migrationen $x05 $9391383477 
244Z/01 $2Trx $8--Trx--Einzelbeiträge $x06 $9391384570 
245Z/01 $a11.08 $x01 
247C/01 $82080>Marburg/Lahn, Herder-Institut, Forschungsbibliothek, Bibliographieportal $9336309341
LEADER 00000caa a22000002c 4500
001 392511592
003 DE-603
005 20210517203326.0
007 tu
008 161111s2008 xx |||| | u00||u|ger c
035 |a (DE-599)HEB392511592 
040 |a DE-603  |b ger  |c DE-603  |d DE-603 
041 |a ger 
082 0 4 |8 1\u  |a 800  |q DE-101  |2 23/BSB 
085 |8 1\u  |b 800 
085 |8 1\u  |z 2  |s 439 
100 1 |a Hammer, Erika 
245 0 0 |a Balkan-Puzzle  |b Balkan-Bilder, virtuelle Räume, Migration und hybride Identitäten bei Terézia Mora und Saša Stanišić 
264 0 |c 2008 
773 0 8 |i In  |t Ethno-Kulturelle Begegnungen in Mittel- und Osteuropa  |d Hamburg : Kovac, 2008  |h 259 S., 28 schw.-w. Ill., 31 schw.-w. Tab.  |z 9783830034346  |g (2008), Seite 27-39  |w (DE-603)202917266 
924 0 |9 2080  |a (DE-603)788609475  |b DE-2080  |c HES  |d d  |g /